| 000 | 05352 a2200541 4500 | ||
|---|---|---|---|
| 005 | 20090518143351.0 | ||
| 008 | 090518t xxu||||| |||| 00| 0 eng d | ||
| 010 | _aENG-89996 B-309183-199 | ||
| 020 |
_a8175151870 _c340.00 |
||
| 020 |
_a9788175151871 _c340.00 |
||
| 035 | _aEN-73529 | ||
| 035 | _aB-309183-199 | ||
| 035 | _aB-358745 | ||
| 037 | _bDBAD / PUB | ||
| 037 | _bGalgotia Publications | ||
| 040 |
_adpl _bEnglish |
||
| 082 | _a621.3815 | ||
| 100 | _aBurns, Stanley G. | ||
| 245 |
_aPrinciples of electronic circuits / _cby Stanley G. Burns [and] Paul R. Bond |
||
| 250 | _a2nd ed | ||
| 260 |
_aNew Delhi _bGalgotia Publications _c2008 (repr.) |
||
| 270 |
_a5, Ansari Road, Darya Ganj _bNew Delhi _cDelhi _e110002 |
||
| 300 |
_axxii,973p. _c28cm. (pbk) |
||
| 500 | _aIncludes index | ||
| 700 | _aBond, Paul R. | ||
| 942 |
_adpl _cEN _2ddc _h621.3815 _m BUR |
||
| 999 |
_c11759 _d11759 |
||